Get the Picture: Stewart or McKellen Quiz Stats

 Plays Quiz Updated Oct 26, 2019

Score 0/20 Timer 03:00
0 Plays Today
Question Answer Wrong Answers
Star Trek: First Contact (1996) Patrick Stewart
89.7%
Ian McKellen
3.1%
The Lord of the Rings: The Fellowship of the Ring (2001) Ian McKellen
87.7%
Patrick Stewart
4.9%
The Da Vinci Code (2006) Ian McKellen
76.2%
Patrick Stewart
16.9%
Logan (2017) Patrick Stewart
75.1%
Ian McKellen
17.7%
The Emoji Movie (2017) Patrick Stewart
70.7%
Ian McKellen
21.6%
Mr. Holmes (2015) Ian McKellen
69.3%
Patrick Stewart
23.1%
Ted (2012) Patrick Stewart
67.1%
Ian McKellen
25.9%
Gods and Monsters (1998) Ian McKellen
67.1%
Patrick Stewart
25.8%
Robin Hood: Men in Tights (1993) Patrick Stewart
62.6%
Ian McKellen
29.6%
Beauty and the Beast (2017) Ian McKellen
62.3%
Patrick Stewart
30.9%
The Golden Compass (2007) Ian McKellen
62.2%
Patrick Stewart
30.5%
Gnomeo & Juliet (2011) Patrick Stewart
62.1%
Ian McKellen
31.1%
The Prince of Egypt (1998) Patrick Stewart
62%
Ian McKellen
30.9%
Richard III (1995) Ian McKellen
58.4%
Patrick Stewart
33.8%
Green Room (2015) Patrick Stewart
57.7%
Ian McKellen
34.7%
Six Degrees of Separation (1993) Ian McKellen
56%
Patrick Stewart
36.2%
The Kid Who Would Be King (2019) Patrick Stewart
55.8%
Ian McKellen
36.9%
Stardust (2007) Ian McKellen
55.4%
Patrick Stewart
37.1%
Dune (1984) Patrick Stewart
54.4%
Ian McKellen
38.6%
Flushed Away (2006) Ian McKellen
46.8%
Patrick Stewart
46.1%

Today's Daily Dose

Missing Word
Sherlocks

Word Ladder
King of the Hill

Quick Pick
Songs in Pink

Get the Picture
NBA Teammates

You're not logged in!

Compare scores with friends on all Sporcle quizzes.
OR
Log In

Sporcle TV

Today on Sporcle TV


Watch our educational content, quiz creation guides, and fun videos on Sporcle TV.

Show Comments

Extras

Top Quizzes Today


Score Distribution

Your Account Isn't Verified!

In order to create a playlist on Sporcle, you need to verify the email address you used during registration. Go to your Sporcle Settings to finish the process.

Report this User

Report this user for behavior that violates our Community Guidelines.

Details: